| 000 | 01002nam a22002657a 4500 | ||
|---|---|---|---|
| 001 | BD-DhSAU 9278 | ||
| 003 | BD-DhSAU | ||
| 005 | 20230116124652.0 | ||
| 008 | 150613b2018 bg a|||| m||| 00| 0 eng d | ||
| 040 | _aBD-DhSAU | ||
| 082 |
_222 _a595.7 _bM65 |
||
| 100 |
_aMim, Ahsana Takbim _eRegistration No. # 19-10383 |
||
| 245 |
_aDevelopment of integrated management strategies against thrips infesting mung bean /
_bMS thesis |
||
| 260 |
_aSher-e-Bangla Agricultural University : _bDepartment of Entomology, _c2021 |
||
| 300 |
_ax, 67p. : _bill. ; _c30 cm. |
||
| 500 | _aMS thesis of Department of Entomology, Faculty of Agriculture, Sher-e-Bangla Agricultural University, Dhaka, Bangladesh | ||
| 504 | _aIncludes bibliographical reference. | ||
| 590 | _aNazmul | ||
| 650 | _aintegrated management strategies | ||
| 650 | _athrips infesting mung bean | ||
| 700 |
_aProf. Dr. Mohammad Ali _eSuperviser |
||
| 700 |
_asabera Yeasmin _eCo-superviser |
||
| 942 |
_2ddc _cTHESIS |
||
| 999 |
_c16519 _d16518 |
||